000 00938nam a2200265 a 4500
001 30614
003 BD-RjUL
005 20211209051605.0
008 140410m1992 1922enk 000 0 eng d
035 _a(BD-RjUL)30700
040 _aDLC
_cOKO
_dOCL
_dWBU
_dBD-RjUL
_beng
041 _aeng
082 _a181.4
_bDAH V-1 1992
090 _aB131
_b.D3
100 1 _aDasgupta, Surendranath,
_d1885-1952.
_979751
245 1 2 _aA history of Indian philosophy /
_cby Surendranath Dasgupta.
_nVOLUME I.
260 _aCambridge :
_b[Cambridge] University Press,
_c1922 [Reprinted 1992]
300 _axvi ,528 p. :
_c24 cm.
500 _a"Surendranath Dasgupta, a memoir [by Surama Dasgupta]" : v. 5, p. [v]-xii.
505 2 _av. 4. Indian Pluralism. -- v. 5. Southern Schools of Śaivism.
650 0 _aHindu philosophy
_95119
651 0 _aIndia
_xReligion
_993015
700 1 _aDāśaguptā, Suramā,
_d1907-1998
_992989
942 _2ddc
_cBK
_01
999 _c30614
_d30614